000 01074nam0a22002411i 4500
001 rc\1120040
005 20240723124730.0
035 _a(NLR Aleph) 006363096
090 _a4923420
_c4923420
100 _a20041126d1981 u |0rusy50 ca
101 0 _arus
102 _aRU
105 _ay |||||||||
200 1 _aВозможности активации естественной резистентности организма к операционной травме методом предварительных нагрузок
_e(Эксперим.-клинич. исслед.)
_eАвтореф. дис. на соиск. учен. степ. канд. мед. наук
_e(14.00.27)
210 _aХарьков
_d1981 (вып. дан. 1982)
215 _a26 с.
300 _aВ надзаг.: Укр. ин-т усоверш. врачей
320 _aБиблиогр.: с. 26 (5 назв.)
700 1 _aБрюшков
_bС.С.
_gСтанислав Степанович
801 0 _aRU
_bNLR
_gpsbo
801 1 _aRU
_bELAR
_2rusmarc
852 _aNLR
_j83-4/13160
942 _cBOOK